National Register testing of 41MQ188, Montgomery County, Texas /

Bibliographic Details
Main Author: Mangum, Douglas G.
Corporate Authors: Texas Antiquities Committee, Moore Archeological Consulting
Other Authors: Moore, Roger G.
Format: Government Document Book
Language:English
Published: [Houston, Tex.] : Moore Archeological Consulting, Inc., [2004]
Series:Report of investigations (Moore Archeological Consulting) ; no. 415.
Subjects:

MARC

Tag First Indicator Second Indicator Subfields
LEADER 00000cam a2200000Ia 4500
001 in00002076413
005 20151102132722.0
008 050713s2004 txuab b s000 0 eng d
035 |a (OCoLC)ocm60858045 
040 |a IKM  |c IKM  |d TXA  |d UtOrBLW 
043 |a n-us-tx 
049 |a TXAM 
086 |a A1900.7 P422 NO.3384  |2 txdocs 
090 |a F392.M7  |b M364 2004 
100 1 |a Mangum, Douglas G. 
245 1 0 |a National Register testing of 41MQ188, Montgomery County, Texas /  |c by Douglas Mangum, project archeologist, and Roger G. Moore, principal investigator. 
264 1 |a [Houston, Tex.] :  |b Moore Archeological Consulting, Inc.,  |c [2004] 
300 |a iii, 36 leaves :  |b illustrations, maps ;  |c 28 cm. 
336 |a text  |b txt  |2 rdacontent 
337 |a unmediated  |b n  |2 rdamedia 
338 |a volume  |b nc  |2 rdacarrier 
490 1 |a Report of investigations ;  |v no. 415 
500 |a "Texas Antiquities [Committee] permit number 3384." 
500 |a "December 2004." 
500 |a Title from cover. 
504 |a Includes bibliographical references (leaves 16-18). 
650 0 |a Archaeological surveying  |z Texas  |z Montgomery County. 
650 0 |a Excavations (Archaeology)  |z Texas  |z Montgomery County. 
651 0 |a Montgomery County (Tex.)  |x Antiquities. 
700 1 |a Moore, Roger G. 
710 2 |a Texas Antiquities Committee. 
710 2 |a Moore Archeological Consulting. 
830 0 |a Report of investigations (Moore Archeological Consulting) ;  |v no. 415. 
994 |a C0  |b TXA 
948 |a cataloged  |b h  |c 2005/10/4  |d c  |e croman 
999 |a MARS 
999 f f |s 1ba76ccf-0df9-35be-a96e-6c2c049c304d  |i eccd4574-a9cd-37e1-8044-5f69f38fc6e7  |t 0 
952 f f |p ric  |a Texas A&M University  |b Rellis Campus  |c Joint Library Facility  |d Remote Storage  |t 0  |e F392.M7 M364 2004  |h Library of Congress classification  |i unmediated -- volume  |m A14832396086 
998 f f |a F392.M7 M364 2004  |t 0  |l Remote Storage